000 00606nam a22001457a 4500
020 _a978-0-099-28963-0
082 _a823
_bDES/F
100 _aDESAI, ANITA
245 _aFASTING, FEASTING
260 _aLONDON
_bVINTAGE
_c2000
300 _a228
520 _aAnita Desai's Fasting, Feasting, as it is implied in the title itself, is a novel of contrast between two cultures, the one, Indian, known for its pious and longstanding customs representing 'fasting,' and the other, American, a country of opulence and sumptuousness epitomising 'feasting.
650 _aENGLISH NOVEL
_zUNITED KINGDOM
942 _cBK
999 _c7774
_d7774